000 00402nam a22001697a 4500
005 20180728152149.0
008 160625b xxu||||| |||| 00| 0 eng d
020 _a0-07-460366-3
041 _aeng
082 _b9970
_a658.3
100 _aSekaran, Uma
_9355
245 _aOrganisational Behaviour:text and cases
260 _bTMH
_c2003
300 _a256p,
650 _aManagement
_9241
942 _cBK
999 _c3925
_d3924